| 000 | 00459nam a22001337a 4500 | ||
|---|---|---|---|
| 040 | _cNUST | ||
| 082 | _a220 PRO | ||
| 100 |
_aGC Ch Muhammad Usama Sipra GC Syed Hussain Kamil GC Abdullah Riaz _9103872 |
||
| 110 | _aProject Supervisor Dr. Sarmad Majeed Malik | ||
| 245 | _aPR-SOF-2195- Power Exchange among PV System Through Bidirectional Converter | ||
| 260 |
_aIslamabad: _bNUST College of EME, _c2022. |
||
| 650 |
_aDE-ELECT-40 _9103514 |
||
| 942 |
_2ddc _cPR |
||
| 999 |
_c592551 _d592551 |
||